[Event "Ch Hungary"]
[Site "masterchessopen.com - Budapest (Hungary)"]
[Round "0"]
[White "Navarovszky Laszlo (HUN)"]
[Black "Dely Peter (HUN)"]
[Result "1-0"]
[WhiteElo "2280"]
[BlackElo "2391"]

1.d4 Nf6 2.Nf3 c5 3.d5 e6 4.c4 exd5 5.cxd5 d6 6.Nc3 g6 7.e4 Bg7 8.Be2 O-O
9.O-O Re8 10.Nd2 Nbd7 11.a4 Rb8 12.Qc2 Qe7 13.b3 Ne5 14.Bb2 g5 15.Rae1 Bd7
16.Bb5 Nh5 17.Bxd7 Qxd7 18.Nd1 b5 19.axb5 Nf4 20.Nc4 Nf3+ 21.gxf3 Qh3 22.Nde3
Bxb2 23.Qxb2 Qxf3 24.h3 Rxe4 25.Nxd6 Nxh3+ 26.Kh2 Qf4+ 27.Kg2 Qxd6 28.Kxh3
Rh4+ 29.Kg2 Qh2+ 30.Kf3 Re8 31.Ke2 Rd4 32.Qc2 Qh5+ 33.f3 Qh2+ 34.Rf2 Qf4
35.Qc3 Rxd5 36.Kf1 Rde5 37.Ng2 Rxe1+ 38.Nxe1 Qh4 39.Kg2 Re6 40.Qxc5 Rxe1
41.Qc8+ {#r} 1-0

[Event "Ch World (juniors) (under 20)"]
[Site "masterchessopen.com - Antwerpen (Belgium)"]
[Round "3"]
[White "Schweber Samuel (ARG)"]
[Black "Johannessen Svein (NOR)"]
[Result "0-1"]
[WhiteElo "2348"]
[BlackElo "2273"]

1.d4 Nf6 2.c4 c5 3.d5 e6 4.Nc3 exd5 5.cxd5 d6 6.Nf3 g6 7.e4 Bg7 8.Be2 O-O
9.O-O Re8 10.Nd2 Nbd7 11.a4 a6 12.Qc2 Rb8 13.Rb1 Qe7 14.Re1 Ne5 15.b4 cxb4
16.Rxb4 Bd7 17.Qb3 Rec8 18.f3 a5 19.Rb6 Nfg4 20.fxg4 Nxg4 21.Nb5 Rc3 22.Qxc3
Bxc3 23.Nxc3 Qh4 24.Nf3 Qf2+ 25.Kh1 Qxb6 26.h3 Ne5 27.Nxe5 dxe5 28.Bb5 Bxb5
29.Be3 Qd6 30.Nxb5 Qb4 31.Rc1 Qxe4 32.Ba7 Rd8 33.d6 Qxa4 34.Rc5 Qd1+ 35.Kh2
Rxd6 36.Nxd6 Qxd6 37.Rc8+ Kg7 38.Bb8 Qd5 39.Re8 Kf6 40.Bc7 Kf5 41.Ra8 b6
42.Rb8 a4 43.Rxb6 a3 44.Ra6 a2 45.g4+ Ke4 46.Ra4+ Kf3 47.Ra3+ Kf2 48.Bb6+ Kf1
49.Rg3 Qe4 50.Ba5 Qf4 {#R} 0-1

[Event "Ch Bulgaria"]
[Site "masterchessopen.com - Sofia (Bulgaria)"]
[Round "0"]
[White "Hadjipetrov Alexander (BUL)"]
[Black "Radev Nikolai (BUL)"]
[Result "0-1"]
[WhiteElo "2290"]
[BlackElo "2304"]

1.d4 Nf6 2.c4 c5 3.d5 e6 4.Nc3 exd5 5.cxd5 d6 6.Nf3 g6 7.e4 Bg7 8.Be2 O-O
9.O-O Re8 10.Nd2 a6 11.Qc2 b5 12.Re1 Ng4 13.Nf1 f5 14.Bxg4 fxg4 15.a4 b4
16.Nd1 Nd7 17.Nde3 Ne5 18.Rb1 a5 19.Nd2 Ra7 20.Ndc4 Rf7 21.b3 Ref8 22.Re2 Ba6
23.Nxe5 Bxe5 24.Nxg4 Bxe2 25.Nh6+ Kg7 26.Nxf7 Qh4 27.g3 Qh5 28.Nxe5 dxe5
29.Bb2 Bf3 30.Qd3 Qh3 31.Bxe5+ Kg8 32.Qf1 Qxf1+ 33.Kxf1 Bxe4 34.Rc1 Rc8 35.d6
Bf5 36.Bd4 cxd4 37.Rc7 Rxc7 38.dxc7 Bc8 39.Ke1 Kf7 40.Kd2 Ba6 41.c8=Q Bxc8
42.Kd3 Ke6 43.Kxd4 Kd6 {#R} 0-1

[Event "Ch Club Argentino"]
[Site "masterchessopen.com - Buenos Aires (Argentina)"]
[Round "4"]
[White "Panno Oscar (ARG)"]
[Black "Bielicki Carlos (ARG)"]
[Result "1-0"]
[WhiteElo "2438"]
[BlackElo "2315"]

1.d4 Nf6 2.c4 c5 3.d5 e6 4.Nc3 exd5 5.cxd5 d6 6.e4 g6 7.Nf3 Bg7 8.Be2 O-O
9.O-O Re8 10.Nd2 a6 11.a4 b6 12.Qc2 Ra7 13.Ra3 Rae7 14.h3 g5 15.Rb3 h6 16.Re1
Qc7 17.Bf1 Nh5 18.Nc4 Nd7 19.Be3 Nf4 20.h4 Bf6 21.hxg5 hxg5 22.Qd2 Bxc3
23.bxc3 Rxe4 24.f3 R4e7 25.Bxf4 Rxe1 26.Bg3 R1e5 27.Bxe5 Nxe5 28.Qxg5+ Kh7
29.Qh4+ Kg7 30.Rxb6 Nxc4 31.Rc6 Qa5 32.Qxc4 Qd8 33.Qf4 Re5 34.a5 Bb7 35.Rxc5
Qe7 36.Rc4 Bxd5 37.Rd4 Bc6 38.Qd2 d5 39.Kf2 Re6 40.c4 dxc4 41.Bxc4 Rg6 42.Bd3
Re6 43.Bf5 Rf6 44.Qg5+ Kf8 45.Qh4 {#r} 1-0

[Event "Ch Hungary"]
[Site "masterchessopen.com - Budapest (Hungary)"]
[Round "0"]
[White "Kapu Jeno (HUN)"]
[Black "Bilek Istvan (HUN)"]
[Result "1-0"]
[WhiteElo "2186"]
[BlackElo "2375"]

1.d4 Nf6 2.c4 e6 3.Nc3 c5 4.d5 exd5 5.cxd5 d6 6.e4 g6 7.Nf3 Bg7 8.Be2 O-O
9.O-O Re8 10.Nd2 Nbd7 11.Qc2 Nb6 12.a4 Nfxd5 13.exd5 Bxc3 14.Bb5 Bxd2 15.Bxe8
Bxc1 16.Bxf7+ Kxf7 17.Qxc1 Nxd5 18.Re1 Kg7 19.Qd2 Nf6 20.Re3 Ng8 21.Rae1 Bf5
22.Qc3+ Kf8 23.h3 h5 24.Rf3 Nf6 25.g4 hxg4 26.hxg4 Nxg4 27.Qh8+ Kf7 28.Qh7+
Kf6 29.Qh4+ Kg7 30.Re7+ Kf8 31.Rfe3 {#r} 1-0

[Event "Ch DDR"]
[Site "masterchessopen.com - Magdeburg (Germany)"]
[Round "2"]
[White "Schmidt Gerhard (GER)"]
[Black "Maedler Juergen Dr (GER)"]
[Result "0-1"]
[WhiteElo "2078"]
[BlackElo "2241"]

1.d4 Nf6 2.c4 c5 3.d5 g6 4.Nc3 Bg7 5.e4 d6 6.Nf3 O-O 7.Be2 e6 8.O-O exd5
9.cxd5 Re8 10.Nd2 a6 11.a4 b6 12.f3 Nbd7 13.Nc4 Ne5 14.Ne3 Qc7 15.f4 Ned7
16.e5 dxe5 17.d6 Qc6 18.fxe5 Nxe5 19.Ned5 Nxd5 20.Nxd5 Bb7 21.d7 Qxd7 22.Nf6+
Bxf6 23.Rxf6 Qxd1+ 24.Bxd1 Re6 25.Rxe6 fxe6 26.Bf4 Nd3 27.Bc7 b5 28.Bg4 Kf7
29.b3 bxa4 30.Rd1 Be4 31.Be2 Nb2 32.Rd7+ Ke8 33.Rxh7 axb3 34.Be5 Na4 35.Rh4 b2
36.Bxb2 Nxb2 37.Rxe4 Kf7 38.g4 a5 39.Rf4+ Ke7 40.Rf2 Rf8 {#R} 0-1

[Event "It"]
[Site "masterchessopen.com - Santiago (Chile)"]
[Round "0"]
[White "Pilnick Carl (USA)"]
[Black "Quinones Oscar C (PER)"]
[Result "1-0"]
[WhiteElo "2111"]
[BlackElo "2345"]

1.d4 Nf6 2.c4 e6 3.Nc3 c5 4.d5 exd5 5.cxd5 d6 6.Nf3 g6 7.e4 Bg7 8.Be2 O-O
9.O-O Re8 10.Nd2 b6 11.Re1 Ba6 12.Bc4 Bxc4 13.Nxc4 b5 14.Nxb5 Nxe4 15.Bf4 Na6
16.Qf3 Qd7 17.Rxe4 Qxb5 18.Nxd6 Qxb2 19.Rd1 Rxe4 20.Qxe4 Rf8 21.Bg5 Bd4 22.Qf3
f6 23.Bh6 Rd8 24.Qe4 Qxf2+ 25.Kh1 Be5 26.Nb7 Rd7 27.d6 Nc7 28.Qc4+ Kh8 29.Rf1
Qb2 30.Nxc5 {#r} 1-0

[Event "Ch World (students)"]
[Site "masterchessopen.com - Harrachov (Czech Republic)"]
[Round "0"]
[White "Kuzmin Gennadi P (UKR)"]
[Black "Cebalo Miso (CRO)"]
[Result "1-0"]
[WhiteElo "2417"]
[BlackElo "2478"]

1.d4 Nf6 2.c4 c5 3.d5 d6 4.Nc3 g6 5.e4 Bg7 6.Be2 O-O 7.Nf3 e6 8.O-O exd5
9.cxd5 Re8 10.Nd2 a6 11.a4 b6 12.f4 Ra7 13.Bf3 Rae7 14.Re1 h5 15.h3 Ng4
16.hxg4 hxg4 17.Bxg4 Bd4+ 18.Kf1 f5 19.Bh3 Rh7 20.Nf3 fxe4 21.Nxd4 Bxh3
22.gxh3 cxd4 23.Nxe4 Rxh3 24.Nf2 Rh2 25.Rxe8+ Qxe8 26.Qg4 Kg7 27.f5 Nd7 28.Bf4
Rh5 29.Re1 Ne5 30.Bxe5+ dxe5 31.Qxg6+ Qxg6 32.fxg6 Kxg6 33.Ng4 Rh1+ 34.Kf2
Rxe1 35.Kxe1 Kf5 36.d6 Ke6 37.Nxe5 Kxd6 38.Nd3 a5 39.Kd2 Kc6 40.Ne5+ Kc5
41.Kc2 b5 42.Nd3+ Kc6 43.Kb3 Kb6 44.Nf4 Kc6 45.Ne6 bxa4+ 46.Kc4 d3 47.Kxd3 Kd5
48.Nf4+ Kc5 49.Kc3 Kd6 50.Kc4 Ke5 51.Nd3+ {#r} 1-0

[Event "It"]
[Site "masterchessopen.com - Venice (Italy)"]
[Round "0"]
[White "Donner Jan-Hein (NED)"]
[Black "Janosevic Dragoljub (YUG)"]
[Result "1-0"]
[WhiteElo "2430"]
[BlackElo "2330"]

1.d4 Nf6 2.c4 c5 3.d5 g6 4.Nc3 d6 5.e4 Bg7 6.Nf3 O-O 7.Be2 e6 8.O-O exd5
9.cxd5 Re8 10.Nd2 b6 11.f3 Ba6 12.Bxa6 Nxa6 13.Nc4 Qd7 14.a4 Nc7 15.Bf4 Bf8
16.g4 Rad8 17.Qd2 b5 18.axb5 Nxb5 19.Nxb5 Qxb5 20.Qd3 Rd7 21.Ra3 Rb8 22.Rfa1
Rbb7 23.Bd2 Rdc7 24.Ba5 Rc8 25.Bc3 Ne8 26.Rxa7 Rxa7 27.Rxa7 Bh6 28.e5 dxe5
29.Bxe5 Bf8 30.Qe4 Qb3 31.Kf2 Rd8 32.Qf4 Qc2+ 33.Kg3 f5 34.gxf5 Qxf5 35.Qxf5
gxf5 36.Ne3 f4+ 37.Kxf4 Bh6+ 38.Ke4 Bxe3 39.Kxe3 Rxd5 40.Ke4 Rd2 41.Kf5 Rf2
42.Ke6 Rxf3 43.Re7 Rf8 44.h4 c4 45.h5 h6 46.Bc3 {#r} 1-0

[Event "Ch URS"]
[Site "masterchessopen.com - Moscow (Russia)"]
[Round "0"]
[White "Tukmakov Vladimir B (UKR)"]
[Black "Tal Mikhail N (LAT)"]
[Result "0-1"]
[WhiteElo "2547"]
[BlackElo "2520"]

1.d4 Nf6 2.c4 c5 3.d5 e6 4.Nc3 exd5 5.cxd5 d6 6.e4 g6 7.Nf3 Bg7 8.Be2 O-O
9.O-O Re8 10.Nd2 Nbd7 11.f3 a6 12.a4 Qc7 13.Qb3 ( 13.Nc4 Nb6 14.Na3 { ? } )
13...Ne5 14.a5 Rb8 15.Nd1 Nh5 16.Nc4 f5 17.exf5 Bxf5 ( 17...Nxc4 18.Bxc4 b5
19.axb6 Rxb6 20.Qa2 gxf5 { ? } ) 18.g4 Nxc4 19.Bxc4 ( 19.Qxc4 Bd4+ { ? } )
19...b5 20.axb6 Rxb6 21.Qa2 Bd4+ 22.Kg2 Qg7 23.Nc3 ( 23.gxf5 gxf5+ 24.Kh1 Kh8
{ ??+ } ) 23...Bd7 24.Bd2 ( 24.gxh5 gxh5+ 25.Kh1 Bh3 { ??+ } ) 24...Reb8
25.Rab1 Nf6 26.Rfe1 Qf7 27.b3 Nxg4 28.Ne4 Ne5 {#R} 0-1

[Event "Ch DDR"]
[Site "masterchessopen.com - Freiberg (Germany)"]
[Round "1"]
[White "Moehring Guenther (GER)"]
[Black "Espig Lutz (GER)"]
[Result "1-0"]
[WhiteElo "2294"]
[BlackElo "2346"]

1.d4 Nf6 2.c4 e6 3.Nc3 c5 4.d5 exd5 5.cxd5 d6 6.Nf3 g6 7.e4 Bg7 8.Be2 O-O
9.O-O Re8 10.Nd2 a6 11.a4 Nbd7 12.Qc2 b6 13.Nc4 Ne5 14.Na3 Qe7 15.f4 Ned7
16.Bf3 b5 17.axb5 axb5 18.Ncxb5 Ba6 19.Nc7 Bxf1 20.Kxf1 Rac8 21.Nxe8 Rxe8
22.Bd2 Nxe4 23.Bxe4 Bd4 24.Nb5 Qxe4 25.Qxe4 Rxe4 26.Ra7 Re7 27.b3 Bf6 28.Ra6
Nf8 29.Nxd6 Rd7 30.Nc4 Bd4 31.d6 f6 32.g4 Ne6 33.f5 gxf5 34.gxf5 Ng7 35.Ra8+
Kf7 36.Bf4 Nxf5 37.Nb6 Rxd6 38.Bxd6 Nxd6 39.Ra7+ Kg6 40.Nc4 Ne4 41.Rd7 Bc3
42.Ke2 f5 43.Rc7 Bd4 44.Rc6+ Kg5 45.Kf3 h5 46.Rc8 Bg7 47.Rg8 Kf6 48.h4 Kf7
49.Rc8 Bf6 50.Kf4 Ke6 51.Re8+ Kd7 52.Ra8 Bxh4 53.Kxf5 Nc3 54.Ra7+ Kc6 55.Ra6+
Kc7 56.Ra7+ Kc6 57.Ra6+ Kc7 58.Rh6 Ne2 59.Rh7+ Kc6 60.Rh6+ Kc7 61.Ke5 Bf2
62.Rh7+ Kc6 63.Rh6+ Kc7 64.Kd5 Nc3+ 65.Ke6 h4 66.Ne5 Bg3 67.Kf5 Kb7 68.Nd3 Nb5
69.Nxc5+ Kc7 70.Ke4 Nc3+ 71.Kd3 Nd5 72.Ne6+ Kd7 73.Kd4 Ne7 74.Nc5+ Ke8 75.Rh8+
Kf7 76.Rh7+ Kf8 77.Ne6+ Ke8 78.Ke4 Kd7 79.Nd4 Kd6 80.b4 Be1 81.Rh6+ Kc7 82.b5
Nc8 83.Nf5 Kb7 84.Ne3 Na7 85.Nc4 Bf2 86.Rh7+ Kb8 87.Rh8+ Kb7 88.b6 {#r} 1-0

[Event "Ch Europe (team)"]
[Site "masterchessopen.com - Kapfenberg (Austria)"]
[Round "0"]
[White "Merino Mejuto Domingo (ESP)"]
[Black "Planinec Albin (SLO)"]
[Result "1-0"]
[WhiteElo "2266"]
[BlackElo "2415"]

1.d4 Nf6 2.c4 c5 3.d5 e6 4.Nc3 exd5 5.cxd5 d6 6.Nf3 g6 7.e4 Bg7 8.Be2 O-O
9.O-O Re8 10.Nd2 Nbd7 11.f3 Ne5 12.a4 a6 13.Nc4 Nxc4 14.Bxc4 Nd7 15.Be2 f5
16.exf5 gxf5 17.Bf4 Qf6 18.Kh1 Ne5 19.Qd2 Bd7 20.Rfe1 Rac8 21.Bf1 Qg6 22.Qf2
Kh8 23.Qg3 Qf7 24.Qf2 b5 25.axb5 axb5 26.Ra7 b4 27.Nb5 Qxd5 28.Bxe5 dxe5
29.Nc7 Qd4 30.Qxd4 cxd4 31.Nxe8 Bxe8 32.Bd3 Bg6 33.h4 e4 34.fxe4 fxe4 35.Bxe4
Re8 36.Ra8 Rxa8 37.Bxa8 d3 38.Bf3 Bxb2 39.h5 Bf7 40.Re7 Bc4 41.h6 Bg8 42.Re8
{#r} 1-0

[Event "Olympiad"]
[Site "masterchessopen.com - Siegen (Germany)"]
[Round "14"]
[White "Purdy John S (AUS)"]
[Black "Hartoch Robert G (NED)"]
[Result "0-1"]
[WhiteElo "2143"]
[BlackElo "2198"]

1.d4 Nf6 2.c4 c5 3.d5 d6 4.Nc3 g6 5.e4 Bg7 6.Be2 O-O 7.Nf3 e6 8.O-O exd5
9.cxd5 Re8 10.Nd2 a6 11.a4 Nbd7 12.Qc2 Rb8 13.h3 Qc7 14.f4 c4 15.Nxc4 b5
16.axb5 axb5 17.Ne3 b4 18.Nb5 Qxc2 19.Nxc2 Nxe4 20.Rf3 Nd2 21.Re3 Rxe3 22.Nxe3
Nb3 23.Rb1 Ba6 24.Nc3 bxc3 25.Bxa6 Nxc1 26.Rxc1 cxb2 27.Rb1 Bd4 28.Kf2 Rb3
29.Ke2 Rxe3+ 30.Kd2 Nc5 31.Bc4 Ne4+ 32.Kc2 Rc3+ {#R} 0-1

[Event "Ch World (juniors) (under 18)"]
[Site "masterchessopen.com - Athens (Greece)"]
[Round "0"]
[White "Ogaard Leif (NOR)"]
[Black "Hug Werner (SUI)"]
[Result "0-1"]
[WhiteElo "2340"]
[BlackElo "2475"]

1.d4 Nf6 2.c4 c5 3.d5 e6 4.Nc3 exd5 5.cxd5 d6 6.Nf3 g6 7.e4 Bg7 8.Be2 O-O
9.O-O Re8 10.Nd2 Nbd7 11.a4 a6 12.Re1 Ne5 13.Nf1 Qc7 14.a5 c4 15.Be3 Bd7
16.Bb6 Qc8 17.f4 Neg4 18.h3 Nh6 19.Bf3 Bb5 20.g4 Nd7 21.g5 Nxb6 22.axb6 Qxh3
23.Ne3 Qg3+ 24.Ng2 Bxc3 25.bxc3 Nf5 26.exf5 Rxe1+ 27.Qxe1 Qxf3 28.Qd2 Qd3
29.Qxd3 cxd3 30.Kf2 Rc8 31.Ra3 Rc5 32.Ne3 d2 33.Ra1 Rxc3 34.Rd1 Rd3 35.Nf1
Rxd5 36.Rxd2 Rxf5 37.Ne3 Rxf4+ 38.Kg3 Re4 39.Ng4 Re6 40.Rh2 h5 41.Nf6+ Kg7
42.Rc2 Re5 {#R} 0-1

[Event "Memorial J.Capablanca"]
[Site "masterchessopen.com - Habana (Cuba)"]
[Round "0"]
[White "Donner Jan-Hein (NED)"]
[Black "Bilek Istvan (HUN)"]
[Result "1-0"]
[WhiteElo "2500"]
[BlackElo "2490"]

1.d4 Nf6 2.c4 c5 3.d5 e6 4.Nc3 exd5 5.cxd5 d6 6.Nf3 g6 7.e4 Bg7 8.Be2 O-O
9.O-O Re8 10.Nd2 Nbd7 11.Re1 a6 12.a4 Ne5 13.Bf1 g5 14.Nf3 Nxf3+ 15.Qxf3 Ng4
16.h3 Ne5 17.Qg3 h6 18.Bd2 Ng6 19.Nd1 Be5 20.Qb3 Qf6 21.Bc3 h5 22.Ne3 Rb8
23.a5 Bd7 24.Nc4 g4 25.hxg4 hxg4 26.Nxe5 Nxe5 27.Re3 Qg6 28.Be2 f6 29.Re1 Kf7
30.Rg3 Qh6 31.f4 gxf3 32.Bxf3 Qh4 33.Re3 Ng6 34.Be1 Rh8 35.Be2 Qh1+ 36.Kf2 Nf4
37.Bf1 b5 38.axb6 Rh2 39.Ref3 Bb5 40.Bxb5 Rxg2+ 41.Rxg2 Qxg2+ 42.Ke3 Qg1+
43.Kd2 axb5 44.Rxf4 Qd4+ 45.Ke2 Qe5 46.Qf3 Qxb2+ 47.Kf1 Re8 {#r} 1-0

[Event "Memorial J.Capablanca"]
[Site "masterchessopen.com - Habana (Cuba)"]
[Round "0"]
[White "Donner Jan-Hein (NED)"]
[Black "Velimirovic Dragoljub (SRB)"]
[Result "1-0"]
[WhiteElo "2500"]
[BlackElo "2490"]

1.d4 Nf6 2.c4 c5 3.d5 g6 4.Nc3 Bg7 5.e4 O-O 6.Be2 d6 7.Nf3 e6 8.O-O exd5
9.cxd5 Re8 10.Nd2 a6 11.a4 Nbd7 12.Re1 Rb8 13.Bf1 Ne5 14.f4 Neg4 15.Nf3 c4
16.a5 Qc7 17.e5 Qc5+ 18.Qd4 Qxd4+ 19.Nxd4 dxe5 20.fxe5 Nh5 21.Nf3 Nxe5 22.Nxe5
Bxe5 23.Be3 Bd7 24.Bxc4 Rbc8 25.Ba2 Rxc3 26.bxc3 Bxc3 27.Bf2 Rxe1+ 28.Rxe1
Bxe1 29.Bxe1 Nf6 30.Kf2 Bf5 31.Ke3 Be4 32.Kd4 Bxg2 33.Ke5 Kg7 34.Kd6 Kf8
35.Bb3 g5 36.Bg3 Ke8 37.Be5 Nd7 38.Ba4 Bh3 39.Bf6 h6 40.Kc7 Bf5 41.Kxb7 Kf8
42.Bxd7 Bxd7 43.Kxa6 {#r} 1-0

[Event "It (b)"]
[Site "masterchessopen.com - Wijk aan Zee (Netherlands)"]
[Round "9"]
[White "Hartoch Robert G (NED)"]
[Black "Minic Dragoljub (CRO)"]
[Result "1-0"]
[WhiteElo "2400"]
[BlackElo "2490"]

1.d4 Nf6 2.c4 c5 3.d5 e6 4.Nc3 exd5 5.cxd5 d6 6.e4 g6 7.Nf3 Bg7 8.Be2 O-O
9.O-O Re8 10.Nd2 Nbd7 11.h3 a6 12.a4 Qc7 13.Qc2 g5 14.Nc4 h6 15.f4 Nh7 16.Kh1
Rb8 17.a5 b5 18.axb6 Nxb6 19.Na5 Ra8 20.Bd2 Bd7 21.Rae1 Qc8 22.Qd3 g4 23.hxg4
Bxg4 24.Qg3 Bxe2 25.Rxe2 Kh8 26.Qh2 Nd7 27.Nc4 Qc7 28.Qh3 Rab8 29.Nd1 Rb5
30.Rfe1 f6 31.Ba5 Rxa5 32.Nxa5 c4 33.Nc6 Nc5 34.Nf2 Qb6 35.Qc3 f5 36.e5 dxe5
37.fxe5 Ng5 38.Qxc4 Nce4 39.Nxe4 Nxe4 40.Rxe4 fxe4 41.Qxe4 {#r} 1-0

[Event "It"]
[Site "masterchessopen.com - Palma de Majorca (Spain)"]
[Round "0"]
[White "Ivkov Borislav (SRB)"]
[Black "Korchnoi Viktor (SUI)"]
[Result "1-0"]
[WhiteElo "2520"]
[BlackElo "2640"]

1.d4 c5 2.d5 Nf6 3.c4 e6 4.Nc3 exd5 5.cxd5 d6 6.Nf3 g6 7.e4 Bg7 8.Be2 O-O
9.O-O Re8 10.Nd2 b6 11.a4 Na6 12.f3 Nb4 13.Nc4 a6 14.Bf4 Bf8 15.g4 h5 16.h3
hxg4 17.hxg4 Nh7 18.Rf2 Ra7 19.Rh2 f5 20.gxf5 gxf5 21.Kh1 Rg7 22.Qd2 Nf6
23.Bh6 Rg6 24.Bxf8 Rxf8 25.e5 Ne8 26.Qf4 Rf7 27.e6 Rfg7 28.Qxf5 Nf6 29.Ne3 Bb7
30.Bc4 Rg5 31.Qh3 Rh7 32.Qf1 Rxh2+ 33.Kxh2 Kg7 34.Ng4 Nbxd5 35.Bxd5 Bxd5
36.Nxd5 Rxd5 37.Qg2 Nxg4+ 38.fxg4 Qg5 39.Rf1 Rd2 40.Rf2 Qh4+ 41.Kg1 Rxf2
42.Qxf2 Qxf2+ 43.Kxf2 Kf6 44.Ke3 {#r} 1-0

[Event "It"]
[Site "masterchessopen.com - San Antonio (USA)"]
[Round "0"]
[White "Gligoric Svetozar (SRB)"]
[Black "Browne Walter S (USA)"]
[Result "1-0"]
[WhiteElo "2575"]
[BlackElo "2530"]

1.d4 Nf6 2.c4 c5 3.d5 e6 4.Nc3 exd5 5.cxd5 d6 6.Nf3 g6 7.e4 Bg7 8.Be2 O-O
9.O-O Re8 10.Nd2 Nbd7 11.a4 a6 12.Qc2 Nh5 13.Bxh5 gxh5 14.Nd1 Ne5 15.Ne3 Qh4
16.Ra3 Bd7 17.f4 Ng4 18.Nxg4 hxg4 19.Nc4 Qe7 20.e5 dxe5 21.fxe5 Bxe5 22.Nxe5
Qxe5 23.Qxc5 Rac8 24.Qf2 f5 25.h3 Rc4 26.Bf4 Qg7 27.hxg4 fxg4 28.Re3 Rf8 29.g3
h5 30.Qd2 Qd4 31.Qxd4 Rxd4 32.Re5 Rxa4 33.Rg5+ Kh7 34.Rxh5+ Kg6 35.Rg5+ Kh7
36.Kg2 Rf6 37.Re1 Bf5 {#r} 1-0

[Event "Olympiad"]
[Site "masterchessopen.com - Skopje (Macedonia)"]
[Round "4"]
[White "Berrios Angel (PUR)"]
[Black "Malagon Alberto"]
[Result "1-0"]
[WhiteElo "2212"]
[BlackElo "2200"]

1.d4 Nf6 2.c4 c5 3.Nf3 g6 4.d5 Bg7 5.Nc3 e6 6.e4 exd5 7.cxd5 d6 8.Be2 O-O
9.O-O Re8 10.Nd2 a6 11.a4 Nbd7 12.f3 Rb8 13.Nc4 Ne5 14.Ne3 g5 15.Qc2 h6 16.Bd2
Nh5 17.g3 Nf6 18.f4 gxf4 19.Rxf4 Ng6 20.Rf2 Qe7 21.Raf1 Ne5 22.Nf5 Bxf5
23.Rxf5 Nfd7 24.b3 Rec8 25.Bh5 Rf8 26.Nd1 b5 27.Ne3 Nf6 28.Be2 Ned7 29.R5f4
Qe5 30.Nf5 b4 31.Bxa6 Ne8 32.Rh4 Nef6 33.Bxh6 Bxh6 34.Nxh6+ Kg7 35.Nf5+ Kg8
36.Qd2 {#r} 1-0

[Event "Olympiad"]
[Site "masterchessopen.com - Skopje (Macedonia)"]
[Round "5"]
[White "Gligoric Svetozar (SRB)"]
[Black "Kavalek Lubomir (USA)"]
[Result "1-0"]
[WhiteElo "2575"]
[BlackElo "2555"]

1.d4 Nf6 2.c4 c5 3.d5 e6 4.Nc3 exd5 5.cxd5 d6 6.e4 g6 7.Nf3 Bg7 8.Be2 O-O
9.O-O Re8 10.Nd2 Nbd7 11.a4 Ne5 12.Qc2 Nh5 13.Bxh5 gxh5 14.Nd1 Qh4 15.Ne3 Ng4
16.Nxg4 hxg4 17.Nc4 Qf6 18.Bd2 Qg6 19.Bc3 Bxc3 20.bxc3 b6 21.Rfe1 Ba6 22.Nd2
Re5 23.f4 gxf3 24.Nxf3 Rh5 25.Qf2 Qf6 26.Re3 Re8 27.Rae1 Qf4 28.e5 dxe5 29.Re4
Qf6 30.Qg3+ Kh8 31.Nxe5 Rg8 32.Rg4 Rxg4 33.Nxg4 Qg6 34.c4 Rf5 35.Nh6 Rf6
36.Re8+ Kg7 37.Rg8+ Kxh6 38.Qh4+ {#r} 1-0

[Event "Olympiad"]
[Site "masterchessopen.com - Skopje (Macedonia)"]
[Round "6"]
[White "James Stephen (ENG)"]
[Black "Aliaga J Carrajal (BOL)"]
[Result "0-1"]
[WhiteElo "2019"]
[BlackElo "2205"]

1.d4 Nf6 2.c4 c5 3.d5 g6 4.Nc3 Bg7 5.e4 d6 6.Nf3 O-O 7.Be2 e6 8.O-O exd5
9.cxd5 Re8 10.Nd2 Nbd7 11.f3 a6 12.a4 b6 13.Nc4 Ne5 14.Na3 Rb8 15.Bg5 h6
16.Bh4 g5 17.Bg3 Nh5 18.Bf2 Nf4 19.Nc4 Neg6 20.Ne3 Bd4 21.Nc2 Be5 22.Ne3 Qf6
23.Ra3 Nh3+ 24.gxh3 Qf4 25.Bg3 Qxe3+ 26.Kh1 Qd4 27.Qxd4 cxd4 28.Na2 Bxh3
29.Rc1 a5 30.Ba6 Nf4 31.Bxf4 Bxf4 32.Rc6 f5 33.Bd3 g4 34.Bc2 d3 35.Rxd3 fxe4
36.fxe4 Rxe4 37.Rxh3 Re1+ 38.Kg2 gxh3+ 39.Kxh3 Kf7 40.Kg4 Bxh2 41.Nc3 Rg8+
42.Kh5 Re5+ {#R} 0-1

[Event "It"]
[Site "masterchessopen.com - Buenos Aires (Argentina)"]
[Round "0"]
[White "Garcia Raimundo (ARG)"]
[Black "Rossetto Hector (ARG)"]
[Result "1-0"]
[WhiteElo "2455"]
[BlackElo "2435"]

1.d4 c5 2.d5 Nf6 3.c4 e6 4.Nc3 exd5 5.cxd5 d6 6.Nf3 g6 7.Nd2 Bg7 8.e4 O-O
9.Be2 Re8 10.O-O a6 11.a4 b6 12.Qc2 Ra7 13.Nc4 Rae7 14.Bg5 h6 15.Bh4 b5
16.axb5 axb5 17.Bxf6 Bxf6 18.Nxb5 Rxe4 19.Bd3 Rh4 20.Rfe1 Rxe1+ 21.Rxe1 Kg7
22.g3 Rh5 23.Nbxd6 Bd7 24.Nxf7 Qg8 25.Bxg6 Rxd5 26.Ne3 Qe8 27.Ng2 Qc8 28.Nf4
Bf5 29.Bxf5 Qxf5 30.Qxf5 Rxf5 31.Nd6 Re5 32.Ne6+ Kg6 33.Rxe5 Bxe5 34.Nc4 Bd4
35.b4 Bc3 36.bxc5 Kf5 37.Nf4 Bd4 38.Nd6+ Ke5 39.Nf7+ Kf6 40.Nxh6 Bxc5 41.Kg2
Nd7 42.Ng4+ Kf5 43.f3 Nf8 44.Kf1 Bd6 45.Ne3+ Kg5 46.Neg2 Nd7 47.Ke2 Nf6 48.Kd3
{#r} 1-0

[Event "It"]
[Site "masterchessopen.com - Chicago (USA)"]
[Round "0"]
[White "Vranesic Zvonko (CAN)"]
[Black "Tarjan James E (USA)"]
[Result "0-1"]
[WhiteElo "2320"]
[BlackElo "2415"]

1.d4 Nf6 2.c4 c5 3.d5 e6 4.Nc3 exd5 5.cxd5 d6 6.e4 g6 7.Nf3 Bg7 8.Be2 O-O
9.O-O Re8 10.Nd2 Nbd7 11.a4 Ne5 12.Qc2 g5 13.b3 b6 14.Bb2 a6 15.Nd1 Ra7 16.Ne3
Rae7 17.Rfe1 g4 18.Rad1 h5 19.Kh1 h4 20.f4 gxf3 21.gxf3 Nh5 22.Rg1 Nf4 23.Ndc4
f6 24.Qd2 Nh3 25.Rg2 Kf8 26.Qe1 Nf4 27.Qxh4 Nxg2 28.Kxg2 Nxc4 29.Nxc4 b5
30.axb5 axb5 31.Ne3 f5 32.Bf6 Bxf6 33.Qxf6+ Kg8 34.Kf2 Rg7 35.Qxd8 Rxd8
36.Bxb5 fxe4 37.fxe4 Rf8+ 38.Ke2 Bg4+ 39.Nxg4 Rxg4 40.Ke3 Rh4 41.Rg1+ Kf7
42.Rg3 Rb8 43.Bc4 Re8 44.Rf3+ Ke7 45.e5 dxe5 46.Rf5 e4 47.Bb5 Rb8 48.Bc4 Kd6
49.Rf6+ Ke5 50.Re6+ Kf5 51.Rc6 Rh3+ 52.Kd2 Ra8 53.Ba6 Ke5 54.Rb6 Rd8 55.Bc4
Kd4 56.d6 Rxh2+ 57.Ke1 Rh6 {#R} 0-1

[Event "Ch Europe (team) 1973/83"]
[Site "masterchessopen.com - corr."]
[Round "0"]
[White "Kunsztowicz Uwe (GER)"]
[Black "Roose Jan (BEL)"]
[Result "0-1"]
[WhiteElo "2440"]
[BlackElo "2340"]

1.d4 Nf6 2.c4 c5 3.d5 e6 4.Nc3 exd5 5.cxd5 d6 6.e4 g6 7.Nf3 Bg7 8.Be2 O-O
9.O-O Re8 10.Nd2 Nbd7 11.a4 Ne5 12.Qc2 g5 13.Nc4 Nxc4 14.Bxc4 Nh5 15.Ne2 Qe7
16.Ra3 Bd7 17.Ng3 Nf4 18.Bb5 Bxb5 19.axb5 Qe5 20.Ra4 a5 21.Qd1 b6 22.Qg4 Kh8
23.Nf5 Ne2+ 24.Qxe2 Qxf5 25.Qd3 Qg6 26.b3 Ra7 27.f3 Be5 28.Bd2 Rae7 29.Bc3 Qg7
30.Bxe5 Qxe5 31.Rc4 f5 32.Re1 Qg7 33.Rd1 g4 34.fxg4 fxg4 35.Rf1 Rf7 36.Rxf7
Qxf7 37.Qc3+ Qg7 38.Qxg7+ Kxg7 39.Kf2 Kf6 40.Kg3 Kg5 41.h3 gxh3 42.gxh3 h5
43.h4+ Kf6 44.Kf4 Rg8 {#R} 0-1

[Event "Ch Argentina"]
[Site "masterchessopen.com - Santa Fe (Argentina)"]
[Round "2"]
[White "Rebizzo Cayetano (ARG)"]
[Black "Garcia Raimundo (ARG)"]
[Result "0-1"]
[WhiteElo "2265"]
[BlackElo "2455"]

1.d4 Nf6 2.c4 e6 3.Nc3 c5 4.d5 exd5 5.cxd5 d6 6.e4 g6 7.Nf3 Bg7 8.Be2 O-O
9.O-O Re8 10.Nd2 Nbd7 11.f3 Ne5 12.Nc4 Nxc4 13.Bxc4 a6 14.a4 Nd7 15.Be3 Rb8
16.Qd2 Ne5 17.Be2 f5 18.Bg5 Qc7 19.Bh6 Bh8 20.Be3 Qa5 21.Kh1 Bd7 22.Rae1 Qc7
23.exf5 Bxf5 24.g4 Bd7 25.h3 b5 26.axb5 Bxb5 27.f4 Nc4 28.Bxc4 Bxc4 29.Rg1 Qb7
30.Bf2 Qf7 31.f5 Rxe1 32.Rxe1 gxf5 33.Qg5+ Qg6 34.Qxf5 Qxf5 35.gxf5 Be5 36.Kg1
Rxb2 37.Na4 Re2 38.Nb6 Rxe1+ 39.Bxe1 Bd3 40.Nd7 {#R} 0-1

[Event "Ch Moscow"]
[Site "masterchessopen.com - Moscow (Russia)"]
[Round "0"]
[White "Volovich Anatoly A (USA)"]
[Black "Fedorov Vladislav (RUS)"]
[Result "0-1"]
[WhiteElo "2375"]
[BlackElo "2436"]

1.d4 Nf6 2.c4 e6 3.Nf3 c5 4.d5 exd5 5.cxd5 d6 6.Nc3 g6 7.e4 Bg7 8.Be2 O-O
9.O-O Re8 10.Nd2 Nbd7 11.Re1 g5 12.Qc2 Ne5 13.Nc4 Nxc4 14.Bxc4 Nh5 15.Bd2 a6
16.a4 Qf6 17.Rab1 Nf4 18.Bf1 Qg6 19.b4 c4 20.b5 f5 21.bxa6 bxa6 22.e5 Bxe5
23.Bxc4 Ra7 24.Na2 Qh5 25.Bxf4 gxf4 26.f3 Bd4+ 27.Kh1 Be3 28.Nb4 Rg7 29.Nxa6
Rg6 30.Rxe3 Rxe3 31.Bf1 Bxa6 32.Bxa6 Kg7 33.a5 Kh6 34.Rf1 Ra3 35.Qd2 Qg5
36.Bc4 Rxa5 37.Re1 Ra4 38.Bf1 Ra3 39.Qd4 Re3 40.Rb1 Qh4 41.Rb4 Re5 42.Rb7 Kg5
43.Qb6 h6 44.Qd8+ {#R} 0-1